KOHA-Header-6

Encyclopedic Dictionary of Psychology (Record no. 12556)

000 -LEADER
fixed length control field 00258nam a22001097a 4500
020 ## - INTERNATIONAL STANDARD BOOK NUMBER
ISBN 9798174733640
082 ## - DEWEY DECIMAL CLASSIFICATION NUMBER
Classification number 150
100 ## - MAIN ENTRY--AUTHOR NAME
Personal name Kumar, Mohan
245 ## - TITLE STATEMENT
Title Encyclopedic Dictionary of Psychology
260 ## - PUBLICATION, DISTRIBUTION, ETC. (IMPRINT)
Place of publication India
Name of publisher A.I.T.B.S. Publishers
Year of publication 2007
942 ## - ADDED ENTRY ELEMENTS (KOHA)
Koha item type Books
Holdings
Withdrawn status Lost status Collection code Permanent Location Current Location Shelving location Date acquired Full call number Accession Number Koha item type
    Psychology MAJU MAJU Shelf No.B35 2020-09-24 150 9729 Psychology

Powered by Koha